<?xml version="1.0" encoding="UTF-8"?>
<record
    xmlns:xsi="http://www.w3.org/2001/XMLSchema-instance"
    xsi:schemaLocation="http://www.loc.gov/MARC21/slim http://www.loc.gov/standards/marcxml/schema/MARC21slim.xsd"
    xmlns="http://www.loc.gov/MARC21/slim">

  <leader>00944cam a2200241 c 4500</leader>
  <datafield tag="999" ind1=" " ind2=" ">
    <subfield code="c">7331</subfield>
    <subfield code="d">7331</subfield>
  </datafield>
  <controlfield tag="003">OSt</controlfield>
  <controlfield tag="005">20210408153031.0</controlfield>
  <controlfield tag="008">110907s2011    sp a   | |||| 000 0 cat  </controlfield>
  <datafield tag="017" ind1=" " ind2=" ">
    <subfield code="a">B 24976-2011</subfield>
    <subfield code="b">Oficina Dip&#xF2;sit Legal Barcelona</subfield>
  </datafield>
  <datafield tag="020" ind1=" " ind2=" ">
    <subfield code="a">9788461497737</subfield>
  </datafield>
  <datafield tag="040" ind1=" " ind2=" ">
    <subfield code="a">CDMR</subfield>
    <subfield code="b">cat</subfield>
    <subfield code="c">CDMR</subfield>
    <subfield code="e">rdc</subfield>
  </datafield>
  <datafield tag="080" ind1=" " ind2=" ">
    <subfield code="a">929(460.233):070.42"19"(060.64)</subfield>
  </datafield>
  <datafield tag="245" ind1="0" ind2="0">
    <subfield code="a">A l'ombra de Josep Pla :</subfield>
    <subfield code="b">cinc escriptors-periodistes gironins de la Rep&#xFA;blica : [exposici&#xF3;, Fundaci&#xF3; Josep Pla, Palafrugell, del 18 al 30 d'octubre de 2011]</subfield>
    <subfield code="c">a cura de Xavier Pla i Francesc Montero ; [comissariat, Xavier Pla i Francesc Montero]</subfield>
  </datafield>
  <datafield tag="260" ind1=" " ind2=" ">
    <subfield code="a">Palafrugell [Girona]</subfield>
    <subfield code="b">Fundaci&#xF3; Josep Pla</subfield>
    <subfield code="c">imp. 2011</subfield>
  </datafield>
  <datafield tag="300" ind1=" " ind2=" ">
    <subfield code="a">109 p.</subfield>
    <subfield code="b">il. </subfield>
    <subfield code="c">24 cm</subfield>
  </datafield>
  <datafield tag="650" ind1=" " ind2="0">
    <subfield code="a">Periodistes</subfield>
    <subfield code="z">Girona</subfield>
    <subfield code="v">Hist&#xF2;ria</subfield>
    <subfield code="v">Exposicions</subfield>
    <subfield code="9">2277</subfield>
  </datafield>
  <datafield tag="700" ind1="1" ind2=" ">
    <subfield code="a">Pla, Xavier</subfield>
    <subfield code="d">1966-</subfield>
  </datafield>
  <datafield tag="700" ind1="1" ind2=" ">
    <subfield code="a">Montero, Francesc</subfield>
    <subfield code="d">1981-</subfield>
  </datafield>
  <datafield tag="710" ind1="2" ind2=" ">
    <subfield code="a">Fundaci&#xF3; Josep Pla</subfield>
  </datafield>
  <datafield tag="901" ind1=" " ind2=" ">
    <subfield code="a">MON1112</subfield>
  </datafield>
  <datafield tag="942" ind1=" " ind2=" ">
    <subfield code="2">udc</subfield>
    <subfield code="c">MON</subfield>
  </datafield>
  <datafield tag="956" ind1=" " ind2=" ">
    <subfield code="a">2</subfield>
  </datafield>
  <datafield tag="952" ind1=" " ind2=" ">
    <subfield code="0">0</subfield>
    <subfield code="1">0</subfield>
    <subfield code="4">0</subfield>
    <subfield code="7">0</subfield>
    <subfield code="a">CDMR</subfield>
    <subfield code="b">CDMR</subfield>
    <subfield code="d">2021-05-25</subfield>
    <subfield code="l">0</subfield>
    <subfield code="o">Du 1/160</subfield>
    <subfield code="p">CDMR21051268</subfield>
    <subfield code="r">2021-05-25</subfield>
    <subfield code="w">2021-05-25</subfield>
    <subfield code="y">MON</subfield>
  </datafield>
  <datafield tag="952" ind1=" " ind2=" ">
    <subfield code="0">0</subfield>
    <subfield code="1">0</subfield>
    <subfield code="4">0</subfield>
    <subfield code="7">0</subfield>
    <subfield code="a">GIRONA</subfield>
    <subfield code="b">GIRONA</subfield>
    <subfield code="d">2013-01-16</subfield>
    <subfield code="l">0</subfield>
    <subfield code="o">Bf 1104</subfield>
    <subfield code="p">GIRONA1311613062</subfield>
    <subfield code="r">2021-05-25</subfield>
    <subfield code="w">2021-05-25</subfield>
    <subfield code="y">MON</subfield>
  </datafield>
</record>
